Strange Customs of Courtship and Marriage / (Record no. 190585)
[ view plain ]
| 000 -LEADER | |
|---|---|
| fixed length control field | 00991 a2200169 4500 |
| 003 - CONTROL NUMBER IDENTIFIER | |
| control field | NUST |
| 005 - DATE AND TIME OF LATEST TRANSACTION | |
| control field | 20221214142558.0 |
| 040 ## - CATALOGING SOURCE | |
| Transcribing agency | Nust |
| 082 ## - DEWEY DECIMAL CLASSIFICATION NUMBER | |
| Classification number | 306.81,FIE |
| 100 ## - MAIN ENTRY--PERSONAL NAME | |
| Personal name | Fielding J.William |
| 9 (RLIN) | 104843 |
| 245 ## - TITLE STATEMENT | |
| Title | Strange Customs of Courtship and Marriage / |
| Statement of responsibility, etc. | William j.Fielding |
| 260 ## - PUBLICATION, DISTRIBUTION, ETC. | |
| Place of publication, distribution, etc. | London |
| Name of publisher, distributor, etc. | Souvenir Press |
| Date of publication, distribution, etc. | 1961 |
| 300 ## - PHYSICAL DESCRIPTION | |
| Extent | x,322 p.; |
| 505 ## - FORMATTED CONTENTS NOTE | |
| Formatted contents note | Curious Mating Customs (Page -14), Modern Survivals of Ancient Customs (Page -23), Kissing Customs (Page -53), Bundling (Page -67), Primitive Marriage Practices (Page -79), Primitive Religious Martial Ideas (Page -97), Marriage Taboos (Page -115), Chastity (Page -134), Child Marriage (Page-8), Matriarchy or the Mothers Family (Page-173), Patriarchy or the Father Family (Page-194), Multiple Marriage (Page-213), Marriage By Capture (Page-238), Marriage By Purchase (Page-257), Trial Marriage (Page-279), Terminus of Marriage (Page-296), Romantic Marriage (Page-310), |
| 650 ## - SUBJECT ADDED ENTRY--TOPICAL TERM | |
| Topical term or geographic name entry element | marriage |
| 942 ## - ADDED ENTRY ELEMENTS (KOHA) | |
| Source of classification or shelving scheme | |
| Koha item type | Book |
| Call number prefix | 306.81,FIE |
| Withdrawn status | Lost status | Source of classification or shelving scheme | Damaged status | Not for loan | Permanent Location | Current Location | Shelving location | Date acquired | Full call number | Barcode | Date last seen | Price effective from | Koha item type | Public note |
|---|---|---|---|---|---|---|---|---|---|---|---|---|---|---|
| Military College of Signals (MCS) | Military College of Signals (MCS) | General Stacks | 12/12/2016 | 306.81,FIE | MCS29638 | 12/08/2016 | 12/12/2016 | Book | Almirah No.49, Shelf No.3 |
